[Event "World Rapid Women 2025"]
[Site "Doha QAT"]
[Date "2025.12.28"]
[Round "10.5"]
[White "Muzychuk, Anna"]
[Black "Arabidze, Meri"]
[Result "1/2-1/2"]
[WhiteTitle "GM"]
[BlackTitle "IM"]
[WhiteElo "2518"]
[BlackElo "2413"]
[WhiteFideId "14111330"]
[BlackFideId "13604040"]
[EventDate "2025.12.26"]

1. e4 d6 2. d4 Nf6 3. Bd3 e5 4. c3 Nbd7 5. f4 Be7 6. Nf3 O-O 7. O-O c5 8. fxe5
dxe5 9. d5 c4 10. Bc2 Ne8 11. Be3 Qc7 12. Nbd2 b5 13. Qe2 Rb8 14. Rf2 Bc5 15.
Raf1 Nd6 16. a3 a5 17. Kh1 Ba6 18. h3 b4 19. Bxc5 Qxc5 20. axb4 axb4 21. Ba4
bxc3 22. bxc3 Bb5 23. Bxb5 Rxb5 24. Ng5 h6 25. Qg4 hxg5 26. Qxd7 Rb2 27. Qe7 1/2-1/2

[Event "World Rapid Women 2025"]
[Site "Doha QAT"]
[Date "2025.12.28"]
[Round "10.6"]
[White "Stefanova, Antoaneta"]
[Black "Savitha, Shri B"]
[Result "0-1"]
[WhiteTitle "GM"]
[BlackTitle "IM"]
[WhiteElo "2391"]
[BlackElo "2334"]
[WhiteFideId "2902257"]
[BlackFideId "35061887"]
[EventDate "2025.12.26"]

1. Nf3 c5 2. g3 Nc6 3. Bg2 d5 4. d4 Nf6 5. O-O e6 6. c4 dxc4 7. dxc5 Qxd1 8.
Rxd1 Bxc5 9. Nbd2 c3 10. bxc3 O-O 11. Nb3 Be7 12. c4 e5 13. Bb2 e4 14. Nfd4 Bd7
15. Nb5 Bg4 16. Nc3 Rfd8 17. Kf1 Bf5 18. Nb5 Rac8 19. c5 Ne8 20. Nc3 Nf6 21. Nb5
Ne8 22. Nc3 Bf6 23. Na4 Bg6 24. Bh3 Rb8 25. Bxf6 Nxf6 26. Nb2 e3 27. f3 Bc2 28.
Rdc1 Bg6 29. Nc4 Nd5 30. a3 b6 31. f4 bxc5 32. Nxc5 Nd4 33. Ne5 Bh5 34. Bg4 Bxg4
35. Nxg4 f6 36. h3 h5 37. Nh2 Rb2 38. Re1 Nc3 39. Nd3 Rxe2 40. Rxe2 Ndxe2 41.
Ne1 Rd2 42. Kg2 Nc1+ 43. Kh1 Nb3 0-1

[Event "World Rapid Women 2025"]
[Site "Doha QAT"]
[Date "2025.12.28"]
[Round "10.7"]
[White "Divya, Deshmukh"]
[Black "Chen, Yining"]
[Result "1-0"]
[WhiteTitle "GM"]
[BlackTitle "FM"]
[WhiteElo "2497"]
[BlackElo "2278"]
[WhiteFideId "35006916"]
[BlackFideId "8620946"]
[EventDate "2025.12.26"]

1. d4 d5 2. g3 Nf6 3. Bg2 c6 4. Nf3 Bf5 5. c4 e6 6. Nc3 Nbd7 7. Nh4 Be4 8. f3
Bg6 9. cxd5 cxd5 10. O-O Be7 11. e4 O-O 12. Be3 dxe4 13. Nxg6 hxg6 14. fxe4 e5
15. Kh1 Re8 16. dxe5 Nxe5 17. Qb3 Qd3 18. Bf4 Bc5 19. Rad1 Qc4 20. h3 Qxb3 21.
axb3 Nh5 22. Rd5 g5 23. Rxe5 Rxe5 24. Bxe5 Re8 25. g4 1-0

[Event "World Rapid Women 2025"]
[Site "Doha QAT"]
[Date "2025.12.28"]
[Round "10.8"]
[White "Tan, Zhongyi"]
[Black "Munkhzul, Turmunkh"]
[Result "1-0"]
[WhiteTitle "GM"]
[BlackTitle "WGM"]
[WhiteElo "2524"]
[BlackElo "2271"]
[WhiteFideId "8603642"]
[BlackFideId "4901878"]
[EventDate "2025.12.26"]

1. e4 e5 2. Nf3 Nf6 3. Nxe5 d6 4. Nf3 Nxe4 5. c4 g6 6. d4 Bg7 7. Bd3 Nf6 8. O-O
O-O 9. Nc3 d5 10. cxd5 Nxd5 11. Bg5 Nxc3 12. bxc3 Qd6 13. Re1 Be6 14. Rb1 Nd7
15. Qd2 Nb6 16. Bf4 Qd8 17. Ng5 Bd5 18. Ne4 Bxe4 19. Bxe4 c6 20. a4 Re8 21. h3
Qd7 22. a5 Nd5 23. Bg3 Re7 24. c4 Nf6 25. Bf3 Rxe1+ 26. Rxe1 Rd8 27. d5 cxd5 28.
cxd5 Ne8 29. Bg4 f5 30. Bf3 Nd6 31. Qb4 Bf8 32. Qb3 Qb5 33. Qc3 Ne4 34. Bxe4
fxe4 35. d6 Qf5 36. Qd4 Qxa5 37. Qxe4 Qf5 38. Qxb7 Rd7 39. Qc8 Rf7 40. Re8 Qxc8
41. Rxc8 Rd7 42. Rc7 Rd8 43. d7 Be7 44. Rxa7 Kf7 45. Kf1 Ke6 46. Ra6+ Kf7 47.
Bf4 Rxd7 48. g4 Rb7 49. Kg2 Bc5 50. Rc6 Bd4 51. Bg3 Rd7 52. h4 Bf6 53. g5 Bd4
54. Kf3 Rb7 55. Kg4 Bb2 56. f4 Rd7 57. h5 Rb7 58. Bf2 Rd7 59. Bc5 Rb7 60. Rc8
Ke6 61. Re8+ Kf7 62. Rf8+ Ke6 63. Rd8 Rc7 64. Be3 Rb7 65. h6 Ke7 66. Rc8 Kd7 67.
Ra8 Ke6 68. Bc5 Rc7 69. Ba3 Bc3 70. Re8+ Kf7 71. Rb8 Ke6 72. Bb2 Bd2 73. Be5 Ra7
74. Rg8 Bc1 75. Rh8 Rf7 76. Bf6 Bd2 77. Re8+ Kd6 78. f5 gxf5+ 79. Kxf5 Rb7 80.
Be5+ Kc6 81. Rc8+ Kd7 82. Rg8 Rb5 83. Rg7+ Kc6 84. Rxh7 Bxg5 85. Rc7+ Kb6 86. h7 1-0

[Event "World Rapid Women 2025"]
[Site "Doha QAT"]
[Date "2025.12.28"]
[Round "10.9"]
[White "Dronavalli, Harika"]
[Black "Khademalsharieh, Sarasadat"]
[Result "1/2-1/2"]
[WhiteTitle "GM"]
[BlackTitle "IM"]
[WhiteElo "2466"]
[BlackElo "2414"]
[WhiteFideId "5015197"]
[BlackFideId "12512214"]
[EventDate "2025.12.26"]

1. Nf3 d5 2. g3 c5 3. Bg2 Nf6 4. O-O g6 5. c4 Bg7 6. Qa4+ Nc6 7. d4 Bd7 8. dxc5
Na5 9. Qb4 dxc4 10. Nc3 Rc8 11. Rd1 Qc7 12. Be3 O-O 13. Rac1 Rfd8 14. Nb5 Bxb5
15. Rxd8+ Qxd8 16. Qxb5 a6 17. Qa4 Nd5 18. Rd1 e6 19. Bg5 Qc7 20. e4 Nf6 21. Bd2
Rd8 22. Re1 Nc6 23. Qxc4 Ne5 24. Bf4 Nxc4 25. Bxc7 Rc8 26. Bd6 Nxb2 27. Ne5 Ne8
28. Ng4 Nd3 29. Rb1 Nxc5 30. Bxc5 Rxc5 31. Rxb7 h5 32. Ne3 Ra5 33. Rb8 Kf8 34.
e5 Bxe5 35. Ra8 Rc5 36. Rxa6 Nc7 37. Rc6 Rxc6 38. Bxc6 Ke7 39. Nc4 Bd4 40. a4
Nd5 41. a5 Nb4 42. Bb5 Nd3 43. Ne3 Nb4 44. a6 Kd6 45. Nc4+ Kc7 46. Kg2 g5 47.
Be8 f6 48. Bxh5 Nxa6 1/2-1/2

[Event "World Rapid Women 2025"]
[Site "Doha QAT"]
[Date "2025.12.28"]
[Round "10.10"]
[White "Vaishali, Rameshbabu"]
[Black "Roebers, Eline"]
[Result "1-0"]
[WhiteTitle "GM"]
[BlackTitle "IM"]
[WhiteElo "2473"]
[BlackElo "2396"]
[WhiteFideId "5091756"]
[BlackFideId "1058401"]
[EventDate "2025.12.26"]

1. e4 c5 2. Nf3 Nc6 3. Bc4 e6 4. O-O a6 5. a4 Nf6 6. Re1 Be7 7. e5 Ng4 8. h3 Nh6
9. d4 Nf5 10. d5 exd5 11. Bxd5 O-O 12. Bf4 Nb4 13. Nc3 d6 14. Bb3 dxe5 15. Qxd8
Rxd8 16. Nxe5 Be6 17. Bxe6 fxe6 18. Rac1 Nd4 19. Nc4 Nbxc2 20. Re4 Rf8 21. Nb6
Rad8 22. Bc7 Rde8 23. Ne2 Nxe2+ 24. Rxe2 Nd4 25. Re4 Rf5 26. b4 Bf8 27. Nd7 Rf7
28. Nxf8 Rxc7 29. Rxd4 cxd4 30. Rxc7 Kxf8 31. Rxb7 Rd8 32. Kf1 d3 33. Ke1 Rd4
34. Kd2 a5 35. bxa5 Rxa4 36. Ra7 Ra3 37. a6 h5 38. h4 Kg8 39. Ke3 Kh7 40. Ra8
Kg6 41. a7 Kf7 42. f3 Kg6 43. g4 hxg4 44. fxg4 e5 45. h5+ Kf7 46. g5 1-0

[Event "World Rapid Women 2025"]
[Site "Doha QAT"]
[Date "2025.12.28"]
[Round "10.11"]
[White "Batsiashvili, Nino"]
[Black "Khamdamova, Afruza"]
[Result "1/2-1/2"]
[WhiteTitle "GM"]
[BlackTitle "WGM"]
[WhiteElo "2462"]
[BlackElo "2403"]
[WhiteFideId "13602993"]
[BlackFideId "14210444"]
[EventDate "2025.12.26"]

1. d4 d5 2. c4 e6 3. Nc3 Nf6 4. cxd5 exd5 5. Bg5 c6 6. e3 h6 7. Bh4 Be7 8. Bd3
O-O 9. h3 Re8 10. Bg3 Bd6 11. Nge2 a5 12. O-O Nh5 13. Bxd6 Qxd6 14. Qd2 Nd7 15.
Rae1 Nhf6 16. f3 b5 17. Nc1 Ba6 18. Qf2 b4 19. Na4 Bb5 20. Qc2 Rac8 21. Nc5 Nxc5
22. Qxc5 Qxc5 23. dxc5 Nd7 24. Bxb5 cxb5 25. Nd3 Nxc5 26. Nf4 Rcd8 27. Rd1 Rxe3
28. Nxd5 Rd3 29. Rxd3 Nxd3 30. Ne7+ Kf8 31. Nc6 Rc8 32. Nxa5 Nxb2 33. Nb3 Ra8
34. Nc1 Ra3 35. Rf2 Nd1 36. Rd2 Nc3 37. Rb2 Ra4 38. Rd2 Ke7 39. Kf2 Ra3 40. h4
h5 41. Kf1 Ke6 42. Kf2 g6 43. Kf1 f6 44. Kf2 Ke7 45. Kf1 Ra7 46. Kf2 Rd7 47.
Rxd7+ Kxd7 48. Ke3 Kc6 49. Kd4 Kd6 50. g4 Kc6 51. gxh5 gxh5 52. a3 Nd5 53. axb4
Nxb4 54. Ke4 Nd5 55. Kf5 Kd6 56. Kg6 Ke6 57. Kxh5 Kf5 58. Kh6 Nf4 59. Nb3 Ke5
60. Na5 Kd6 61. Kg7 1/2-1/2

[Event "World Rapid Women 2025"]
[Site "Doha QAT"]
[Date "2025.12.28"]
[Round "10.12"]
[White "Vantika, Agrawal"]
[Black "Shuvalova, Polina"]
[Result "1/2-1/2"]
[WhiteTitle "IM"]
[BlackTitle "IM"]
[WhiteElo "2369"]
[BlackElo "2502"]
[WhiteFideId "25050389"]
[BlackFideId "24171760"]
[EventDate "2025.12.26"]

1. d4 d5 2. c4 dxc4 3. Nf3 Nf6 4. e3 e6 5. Bxc4 c5 6. O-O a6 7. Be2 Nbd7 8. Nbd2
b6 9. Nc4 Qc7 10. Bd2 Be7 11. Rc1 Bb7 12. dxc5 bxc5 13. Ba5 Qc6 14. Bc3 Qc7 15.
Ba5 Qc6 16. Ne1 O-O 17. Bf3 Qb5 18. Bxb7 Qxb7 19. Nd3 Rac8 20. Qe2 Nd5 21. Rfd1
Nb4 22. a3 Nd5 23. h3 h6 24. Qc2 Qb5 25. Rd2 Rb8 26. e4 N5f6 27. Re2 Rb7 28. a4
Qb3 29. Qxb3 Rxb3 30. Bc3 Rc8 31. Rd1 Rb7 32. f3 Nb6 33. Nxb6 Rxb6 34. Ne5 c4
35. Red2 Rb7 36. g4 Ne8 37. Rd7 Rcc7 38. Rxc7 Rxc7 39. Kf2 f6 40. Ng6 Bc5+ 41.
Ke2 Kf7 42. Nh8+ Ke7 43. Ng6+ Kf7 44. Rd8 Kxg6 45. Rxe8 e5 46. Re6 Kg5 47. Rxa6
Bd4 48. a5 Kf4 49. Rd6 Bxc3 50. bxc3 Rb7 51. Rb6 Ra7 52. a6 Kg3 53. Ke3 Kxh3 54.
Rc6 Kg3 55. Rd6 Ra8 56. Rc6 Ra7 57. Rxc4 Rxa6 58. Rc7 g6 59. Rg7 Rc6 60. Rxg6
Rxc3+ 61. Ke2 Rxf3 62. Rxh6 Rf4 63. Ke3 Kxg4 64. Rg6+ Kh5 65. Rg8 Kh6 66. Rh8+
Kg7 67. Ra8 Rh4 68. Kf3 Rh3+ 69. Kf2 Kf7 70. Rb8 Ra3 71. Rh8 Kg7 72. Rb8 Kg6 73.
Rg8+ Kf7 74. Rb8 Ra7 75. Kf3 Kg6 76. Rg8+ Rg7 77. Ra8 Rb7 78. Rg8+ Kf7 79. Ra8
Rb3+ 80. Kf2 Ke7 81. Ra7+ Ke6 82. Ra6+ Kf7 83. Ra8 Rc3 84. Rb8 Ke6 85. Rb6+ Ke7
86. Rb7+ Kd6 87. Rf7 Ke6 88. Ra7 Rb3 89. Rc7 Ra3 90. Rb7 Ra6 91. Kf3 Rd6 92. Ke3
Rd7 93. Rb6+ Kf7 94. Rb8 Ra7 95. Kf3 Re7 96. Ke3 Re8 97. Rb7+ Kg6 98. Rb1 Ra8
99. Rg1+ Kf7 100. Rb1 Ra2 101. Rb8 Ra3+ 102. Kf2 Ke7 103. Rb7+ Kd6 104. Rb6+ Kc5
105. Rxf6 Kd4 106. Rh6 Kxe4 107. Rh4+ Kd5 108. Ke2 e4 109. Rh7 Kd4 110. Rh8 1/2-1/2

[Event "World Rapid Women 2025"]
[Site "Doha QAT"]
[Date "2025.12.28"]
[Round "10.13"]
[White "Kosteniuk, Alexandra"]
[Black "Mammadzada, Gunay"]
[Result "1-0"]
[WhiteTitle "GM"]
[BlackTitle "IM"]
[WhiteElo "2483"]
[BlackElo "2390"]
[WhiteFideId "4128125"]
[BlackFideId "13403729"]
[EventDate "2025.12.26"]

1. e4 e5 2. Nf3 Nc6 3. Bc4 Nf6 4. d3 Bc5 5. a3 a5 6. Nc3 h6 7. Be3 Bxe3 8. fxe3
d6 9. Qe2 Be6 10. Nd5 Nd7 11. Qf2 Ne7 12. Nh4 O-O 13. Nxe7+ Qxe7 14. Nf5 Bxf5
15. Qxf5 Nb6 16. Ba2 Rad8 17. O-O d5 18. Rf3 Rd6 19. exd5 Nxd5 20. Raf1 c6 21.
Qe4 Rf6 22. Bxd5 cxd5 23. Qxd5 Rxf3 24. Rxf3 Rc8 25. c3 b6 26. Rf5 Rd8 27. Qe4
Re8 28. Rf3 Qd7 29. Rf5 Qb5 30. b4 axb4 31. axb4 g6 32. Rf1 Rd8 33. d4 exd4 34.
exd4 Qc4 35. Qe3 Rc8 36. Rf3 Ra8 37. h3 Ra1+ 38. Kh2 Qc7+ 39. Qf4 Qxf4+ 40. Rxf4
Rc1 41. Rf3 b5 42. Kg3 Rc2 43. Re3 f6 44. Kf3 Kf7 45. g4 f5 46. gxf5 gxf5 47.
Kf4 Kf6 48. Re5 Rxc3 49. Rxb5 Rxh3 50. Rb6+ Ke7 51. Kxf5 Rh5+ 52. Ke4 Kd7 53. d5
Rh1 54. Kd4 h5 55. Rh6 h4 56. Kc5 Rc1+ 57. Kb6 Rd1 58. Rxh4 Rxd5 59. b5 Rd1 60.
Kb7 Rb1 61. Rd4+ Ke6 62. b6 Ke5 63. Rd2 Ke6 64. Kc7 Ke7 65. b7 Rc1+ 66. Kb8 Rb1
67. Ra2 Kd7 68. Ka8 1-0

[Event "World Rapid Women 2025"]
[Site "Doha QAT"]
[Date "2025.12.28"]
[Round "10.14"]
[White "Ju, Wenjun"]
[Black "Nurman, Alua"]
[Result "1-0"]
[WhiteTitle "GM"]
[BlackTitle "WGM"]
[WhiteElo "2565"]
[BlackElo "2367"]
[WhiteFideId "8603006"]
[BlackFideId "13729390"]
[EventDate "2025.12.26"]

1. e4 c5 2. Nf3 d6 3. Bb5+ Bd7 4. c4 a6 5. Bxd7+ Nxd7 6. Nc3 Ngf6 7. O-O Rc8 8.
b3 e6 9. Bb2 Be7 10. d4 cxd4 11. Nxd4 Qb6 12. Qd2 O-O 13. Rad1 Rfe8 14. Rfe1 Bf8
15. h3 Nc5 16. Kh1 g6 17. Nc2 Qc7 18. f3 Ncd7 19. Ne3 Red8 20. Ng4 Nxg4 21. hxg4
Ne5 22. Qe2 Bg7 23. Rc1 Qa5 24. Red1 Nc6 25. Na4 Bxb2 26. Qxb2 b5 27. cxb5 axb5
28. Nc3 b4 29. Ne2 Qe5 30. Qxe5 Nxe5 31. Rxc8 Rxc8 32. Rxd6 Rc2 33. Nf4 Rxa2 34.
Rb6 Kg7 35. Rxb4 Kf6 36. Rb5 h6 37. Rc5 Rb2 38. Rc3 Rd2 39. Kh2 Kg5 40. Kg3 Kf6
41. Rc5 Nd3 42. Nxd3 Rxd3 43. e5+ Kg7 44. b4 Rb3 45. b5 g5 46. Kf2 Rb2+ 47. Ke3
Rxg2 48. b6 Rb2 49. Rc6 Rb3+ 50. Kd4 Rxf3 51. Kc5 Rb3 52. Kd6 h5 53. gxh5 g4 54.
Kc7 Kh6 55. Rc4 Kxh5 56. Rf4 Rf3 57. Rb4 g3 58. b7 Rc3+ 59. Kd7 Rd3+ 60. Ke7 1-0

[Event "World Rapid Women 2025"]
[Site "Doha QAT"]
[Date "2025.12.28"]
[Round "10.15"]
[White "Omonova, Umida"]
[Black "Dzagnidze, Nana"]
[Result "0-1"]
[WhiteTitle "WIM"]
[BlackTitle "GM"]
[WhiteElo "2294"]
[BlackElo "2469"]
[WhiteFideId "14210363"]
[BlackFideId "13601903"]
[EventDate "2025.12.26"]

1. e4 c5 2. Nf3 a6 3. c3 d5 4. exd5 Qxd5 5. d4 e6 6. Be3 Nd7 7. Bd3 Ngf6 8. O-O
Bd6 9. Re1 O-O 10. Nbd2 cxd4 11. Bxd4 Bc5 12. Be4 Nxe4 13. Nxe4 Bxd4 14. Qxd4
Qxd4 15. Nxd4 Nf6 16. Nxf6+ gxf6 17. Rad1 Bd7 18. Nf5 Rfd8 19. Rd3 Bb5 20. Rg3+
Kf8 21. Nh6 Bd3 22. h4 Bg6 23. Ng4 Ke7 24. Ne3 Rd2 25. a4 Rc8 26. b4 Kf8 27. Rc1
h5 28. Rf3 Ke7 29. Rf4 Rd3 30. Rc4 Rxc4 31. Nxc4 Be4 32. g3 e5 33. Kf1 Bf3 34.
Ke1 Ke6 35. Nb2 Rd8 36. Rc2 f5 37. c4 f4 38. gxf4 exf4 39. Rc3 Be4 40. f3 Bf5
41. Ke2 Rg8 42. Nd1 0-1

[Event "World Rapid Women 2025"]
[Site "Doha QAT"]
[Date "2025.12.28"]
[Round "10.16"]
[White "Song, Yuxin"]
[Black "Tokhirjonova, Gulrukhbegim"]
[Result "1/2-1/2"]
[WhiteTitle "IM"]
[BlackTitle "IM"]
[WhiteElo "2454"]
[BlackElo "2372"]
[WhiteFideId "8614300"]
[BlackFideId "14203626"]
[EventDate "2025.12.26"]

1. e4 e5 2. Nf3 Nc6 3. Bb5 a6 4. Ba4 Nf6 5. O-O Be7 6. d3 b5 7. Bb3 d6 8. a4 b4
9. a5 O-O 10. Nbd2 Be6 11. Nc4 Rb8 12. h3 h6 13. Re1 Qc8 14. Be3 Rd8 15. Qd2 Bf8
16. Qe2 Ne7 17. Nh4 g5 18. Nf3 g4 19. hxg4 Bxg4 20. Ncd2 Ng6 21. Qf1 Nh5 22. d4
Bg7 23. Bc4 Ra8 24. d5 Rf8 25. Nh2 Bd7 26. g3 f5 27. exf5 Bxf5 28. Bd3 Nhf4 29.
Bxf4 exf4 30. g4 Bxd3 31. Qxd3 Ne5 32. Qh3 Rb8 33. Ndf3 Rb5 34. Rad1 b3 35. c3
Rxa5 36. Nh4 Qd8 37. N2f3 Nxf3+ 38. Nxf3 Ra2 39. Re2 Re8 40. Rde1 Rxe2 41. Rxe2
Qf8 42. g5 Qf7 43. Kh2 h5 44. Re6 Rxb2 45. g6 Qd7 46. Qxh5 Rxf2+ 47. Kg1 Rxf3
48. Qxf3 b2 49. Qe4 c6 50. c4 cxd5 51. cxd5 Be5 52. Qf5 a5 53. g7 Bxg7 54. Qg6
Kf8 55. Kg2 f3+ 56. Kg3 a4 57. Re3 Be5+ 58. Kf2 Bd4 59. Qh6+ Qg7 60. Qxd6+ Kg8
61. Qd8+ Kh7 62. Qh4+ Kg8 63. Qd8+ 1/2-1/2

[Event "World Rapid Women 2025"]
[Site "Doha QAT"]
[Date "2025.12.28"]
[Round "10.17"]
[White "Zhang, Lanlin"]
[Black "Khotenashvili, Bella"]
[Result "1/2-1/2"]
[WhiteTitle "WIM"]
[BlackTitle "GM"]
[WhiteElo "2291"]
[BlackElo "2426"]
[WhiteFideId "8608032"]
[BlackFideId "13602640"]
[EventDate "2025.12.26"]

1. e4 g6 2. d4 Bg7 3. Nc3 c6 4. Nf3 d5 5. e5 Nh6 6. Be2 f6 7. O-O O-O 8. h3 Nf7
9. exf6 Bxf6 10. Bf4 Nd7 11. Qd2 e5 12. dxe5 Ndxe5 13. Rfe1 Re8 14. Rad1 Bf5 15.
Nd4 Bd7 16. Nf3 Qe7 17. Nxe5 Nxe5 18. Bxe5 Bxe5 19. Nxd5 Qg7 20. Nc7 Bxc7 21.
Qxd7 Be5 22. Bc4+ Kh8 23. Qxg7+ Kxg7 24. c3 b5 25. Bb3 a5 26. Re3 Bf4 27. Rf3
Rf8 28. g3 Be5 29. Re3 Bf6 30. Rd7+ Kh6 31. Kg2 a4 32. Bc2 a3 33. b4 Rad8 34.
Rxd8 Rxd8 35. Rd3 Rxd3 36. Bxd3 Bxc3 37. Be4 Bxb4 38. Bxc6 Kg7 39. Bxb5 Kf6 40.
Kf3 h6 41. Ke4 g5 42. Bc4 Bc5 43. f4 gxf4 44. Kxf4 Bd6+ 45. Kg4 Kg7 46. Kh4 Kg6
47. Bd3+ Kg7 48. g4 Bf4 49. Kh5 Be3 50. h4 Bd2 51. g5 hxg5 52. hxg5 Bb4 53. g6
Bc5 54. Kg5 Bb4 55. Kh5 Bc5 56. Kg5 1/2-1/2

[Event "World Rapid Women 2025"]
[Site "Doha QAT"]
[Date "2025.12.28"]
[Round "10.18"]
[White "Injac, Teodora"]
[Black "Kiolbasa, Oliwia"]
[Result "0-1"]
[WhiteTitle "IM"]
[BlackTitle "IM"]
[WhiteElo "2421"]
[BlackElo "2397"]
[WhiteFideId "932400"]
[BlackFideId "1154613"]
[EventDate "2025.12.26"]

1. Nf3 d5 2. g3 Nf6 3. Bg2 e6 4. O-O Bd6 5. d4 O-O 6. c4 Nbd7 7. b3 b6 8. Bb2
Bb7 9. Nc3 Qe7 10. Re1 Ne4 11. Qc2 f5 12. e3 a6 13. a3 g5 14. b4 c6 15. Na4 dxc4
16. Ne5 Bc7 17. Nxd7 Qxd7 18. Qxc4 c5 19. dxc5 b5 20. c6 Bxc6 21. Qd4 Qxd4 22.
Bxd4 e5 23. Bb2 bxa4 24. Rac1 Rf6 25. Red1 Rd8 26. Rxd8+ Bxd8 27. f3 Nd2 28. Rd1
Bb6 29. Kf2 Nc4 30. Bc1 f4 31. gxf4 exf4 32. Bf1 fxe3+ 0-1

[Event "World Rapid Women 2025"]
[Site "Doha QAT"]
[Date "2025.12.28"]
[Round "10.19"]
[White "Preobrazhenskaya, Diana"]
[Black "Khafizova, Diana"]
[Result "1-0"]
[WhiteTitle "WFM"]
[BlackTitle "WFM"]
[WhiteElo "2131"]
[BlackElo "2234"]
[WhiteFideId "34270566"]
[BlackFideId "34378049"]
[EventDate "2025.12.26"]

1. e4 e5 2. Nf3 Nf6 3. Nxe5 d6 4. Nf3 Nxe4 5. Bd3 Nf6 6. O-O Be7 7. c3 O-O 8. h3
b6 9. Bc2 Bb7 10. d4 c5 11. Re1 Nbd7 12. Bf4 Rc8 13. Nbd2 Re8 14. Bf5 g6 15. Bd3
Nf8 16. Bb5 Bc6 17. Bxc6 Rxc6 18. Qa4 Rc7 19. Bg5 Nd5 20. c4 Nb4 21. d5 Rd7 22.
Bh6 b5 23. Qb3 Bf6 24. cxb5 Rxe1+ 25. Rxe1 Qa8 26. Ne4 Bh8 27. Rd1 Re7 28. Nxd6
Rd7 29. Bf4 Qd8 30. a3 Rxd6 31. Bxd6 Qxd6 32. axb4 cxb4 33. Ng5 Qe5 34. Nf3 Qxb2
35. Qe3 b3 36. d6 Qc2 37. Rc1 Bb2 38. Rf1 Bf6 39. Nd4 Bxd4 40. Qxd4 b2 41. Qd1
Qf5 42. Qb3 Qe5 43. Qb4 Ne6 44. Rb1 Nc5 45. Qxb2 Qxd6 46. Qa3 Qb6 47. Rc1 Ne4
48. Rc8+ Kg7 49. Qf8+ Kf6 50. Rc6+ 1-0

[Event "World Rapid Women 2025"]
[Site "Doha QAT"]
[Date "2025.12.28"]
[Round "10.20"]
[White "Rudzinska, Michalina"]
[Black "Mkrtchian, Lilit"]
[Result "0-1"]
[WhiteTitle "WGM"]
[BlackTitle "IM"]
[WhiteElo "2206"]
[BlackElo "2366"]
[WhiteFideId "1172883"]
[BlackFideId "13300601"]
[EventDate "2025.12.26"]

1. e4 e6 2. d4 d5 3. Nd2 Be7 4. Bd3 c5 5. dxc5 Nf6 6. Qe2 O-O 7. Ngf3 a5 8. O-O
Na6 9. e5 Nd7 10. c3 Naxc5 11. Bc2 f6 12. b4 axb4 13. cxb4 Na6 14. exf6 Bxf6 15.
Qxe6+ Rf7 16. Bxh7+ Kxh7 17. Qxf7 Bxa1 18. Qh5+ Kg8 19. Qxd5+ Kh8 20. Re1 Nc7
21. Qh5+ Kg8 22. Ng5 Nf8 23. Re4 g6 24. Qe2 Qxg5 25. Nb3 Qf6 26. Bh6 Bf5 27. Re7
Nce6 28. Rxb7 Qb2 29. Qf3 Rxa2 30. Nc1 Qb1 31. g4 Qe4 32. Qb3 Qxg4+ 33. Kf1 Qh3+
34. Kg1 Qxb3 35. Nxb3 Bc3 36. Nc5 Ra1+ 37. Kg2 Nxc5 38. Rc7 Nfe6 39. Rc8+ Kh7
40. bxc5 Kxh6 0-1

[Event "World Rapid Women 2025"]
[Site "Doha QAT"]
[Date "2025.12.28"]
[Round "10.21"]
[White "Bivol, Alina"]
[Black "Maltsevskaya, Aleksandra"]
[Result "0-1"]
[WhiteTitle "IM"]
[BlackTitle "IM"]
[WhiteElo "2360"]
[BlackElo "2398"]
[WhiteFideId "4100123"]
[BlackFideId "24174041"]
[EventDate "2025.12.26"]

1. e4 c6 2. Nc3 d5 3. Nf3 Bg4 4. h3 Bxf3 5. Qxf3 e6 6. Be2 Bc5 7. Qg3 Ne7 8.
Qxg7 Rg8 9. Qxh7 Nd7 10. exd5 Nf6 11. Qh4 Nf5 12. Qc4 Qd6 13. Ne4 Nxe4 14. Qxe4
Bxf2+ 15. Kxf2 Ng3 16. Qe3 Nxh1+ 17. Kg1 Ng3 18. Bf3 cxd5 19. d3 Nf5 20. Qf2 Qg3
21. Qxg3 Nxg3 22. Be3 Kd7 23. c4 Rac8 24. Rd1 b6 25. Bf2 Nf5 26. cxd5 Rc2 27.
dxe6+ fxe6 28. d4 Kd6 29. b3 Rxa2 30. Rc1 Rd2 31. Rc6+ Kd7 32. d5 exd5 33. Rf6
Nd6 34. Be3 Rd3 35. Bh6 Ke7 36. Rf4 Nf7 37. Be2 Rxh3 38. Ra4 Nxh6 39. Rxa7+ Kd6
40. Rb7 Rxb3 0-1

[Event "World Rapid Women 2025"]
[Site "Doha QAT"]
[Date "2025.12.28"]
[Round "10.22"]
[White "Kamalidenova, Meruert"]
[Black "Kairbekova, Amina"]
[Result "1/2-1/2"]
[WhiteTitle "IM"]
[BlackTitle "WGM"]
[WhiteElo "2366"]
[BlackElo "2353"]
[WhiteFideId "13712802"]
[BlackFideId "13712799"]
[EventDate "2025.12.26"]

1. e4 c5 2. c3 d5 3. exd5 Qxd5 4. Nf3 Nc6 5. d4 Bf5 6. Be2 cxd4 7. cxd4 Bxb1 8.
Rxb1 e6 9. O-O Nf6 10. b4 Bd6 11. b5 Ne7 12. Ne5 Qxa2 13. Rb3 Qa5 14. b6 O-O 15.
Rb5 Qa6 16. Rb3 Qa5 17. Rb5 Qa6 18. Rb3 Qa5 1/2-1/2

[Event "World Rapid Women 2025"]
[Site "Doha QAT"]
[Date "2025.12.28"]
[Round "10.23"]
[White "Nurgaliyeva, Zarina"]
[Black "Garifullina, Leya"]
[Result "1/2-1/2"]
[WhiteTitle "WIM"]
[BlackTitle "IM"]
[WhiteElo "2305"]
[BlackElo "2454"]
[WhiteFideId "13730096"]
[BlackFideId "34127035"]
[EventDate "2025.12.26"]

1. e4 c5 2. Nf3 d6 3. Bb5+ Nd7 4. a4 Nf6 5. Nc3 g6 6. O-O a6 7. Be2 Bg7 8. d4
cxd4 9. Nxd4 O-O 10. Be3 Nc5 11. Bf3 Re8 12. h3 Ncd7 13. a5 Ne5 14. Be2 Bd7 15.
f4 Nc6 16. Bf3 e5 17. fxe5 Nxe5 18. Bg5 h6 19. Bh4 Rc8 20. Nd5 g5 21. Bg3 Nxd5
22. exd5 f5 23. Bh5 Rf8 24. Bxe5 Bxe5 25. Ne6 Qf6 26. Bf3 Bxe6 27. dxe6 Rc7 28.
Be4 Bf4 29. Bd5 Re7 30. Ra4 Qxb2 31. Raxf4 gxf4 32. Rxf4 Qc3 33. Rf1 Kg7 34. Kh1
Rf6 35. Rf3 Qe5 36. Qd3 f4 37. c4 Rfxe6 38. Bxe6 Rxe6 39. Rf1 Qe4 40. Qc3+ Kh7
41. Qd2 Qe3 42. Qd5 Qe4 43. Rxf4 Qxf4 44. Qxe6 Qf1+ 45. Kh2 Qf4+ 46. Kh1 Qf1+ 1/2-1/2

[Event "World Rapid Women 2025"]
[Site "Doha QAT"]
[Date "2025.12.28"]
[Round "10.24"]
[White "Mamedjarova, Turkan"]
[Black "Pham, Le Thao Nguyen"]
[Result "0-1"]
[WhiteTitle "WGM"]
[BlackTitle "IM"]
[WhiteElo "2216"]
[BlackElo "2348"]
[WhiteFideId "13402005"]
[BlackFideId "12401226"]
[EventDate "2025.12.26"]

1. d4 Nf6 2. Nf3 d5 3. Bf4 c5 4. e3 Nc6 5. c3 Qb6 6. b3 Bg4 7. Be2 e6 8. O-O Be7
9. Nbd2 O-O 10. h3 Bf5 11. Nh4 Be4 12. f3 Bg6 13. Nxg6 hxg6 14. Kh1 Rac8 15. Qe1
Qa5 16. dxc5 Qxc3 17. Rc1 Qa5 18. Bd6 Bxd6 19. cxd6 Qxa2 20. e4 Rfd8 21. Bb5
dxe4 22. fxe4 e5 23. Qe3 Nd4 24. Bc4 b5 25. d7 Rb8 26. Ra1 Nc2 27. Qg5 Nxa1 28.
Bxf7+ Kxf7 29. Nf3 Rxd7 30. Nxe5+ Ke6 31. Nxd7 Kxd7 32. Qe5 Qe2 33. Qd4+ Ke6 34.
Rxa1 Rb6 35. Rxa7 Qf1+ 36. Kh2 Qf4+ 37. g3 Qd6 38. Qf2 Rc6 39. Rxg7 Qc5 40. Qg2
Qc1 0-1